| 000 | 00539nam a2200169Ia 4500 | ||
|---|---|---|---|
| 999 |
_c53057 _d53057 |
||
| 003 | GCL | ||
| 005 | 20240530105104.0 | ||
| 008 | 140319s9999 xx 000 0 ara d | ||
| 040 |
_aGCL / _cGCL |
||
| 082 | 0 | 4 |
_a150.193 _bل م |
| 100 | 1 | _aلويس كامل مليكة | |
| 245 | 1 | 0 |
_aمحاضرات وتمرينات تمهيدية فى علم النفس / _cلويس كامل مليكة |
| 260 |
_a[S.N] : _bدار القلم للنشر والتوزيع ، _c1989 |
||
| 300 | _a231 ص | ||
| 650 | 0 | 4 | _aعلم النفس |
| 942 |
_2ddc _cBK |
||